El francotirador (Registro nro. 239722)

Detalles MARC
000 -ENCABEZADO
Número de control [NR] 01738 a2200325 4500
005 - FECHA Y HORA DE LA ÚLTIMA TRANSACCIÓN
control field 20140905145109.0
008 - DE LONGITUD FIJA DE DATOS DE ELEMENTOS - INFORMACIÓN GENERAL
Elementos de longitud fija [NR] 140220s2006 ag g 0 m mul d
040 ## - FUENTE DE CATALOGACION [NR]
Agencia de catalogación original [NR] CO-BoUCM
Idioma de catalogación [NR] spa
Quien Cataloga Jose A. Gerena (modificó)
Quien Clasifica [Nuevo]
041 ## - CODIGO DE IDIOMA [R]
Código de idioma para texto/pista de sonido o título separado [R] Inglés
092 ## - SIGNATURA TOPOGRAFICA LOCAL
Número de clasificación local DVD 1296
245 03 - MENCION DE TITULO [NR]
Título [NR] El francotirador
Mención de responsabilidad, etc. [NR] Michael Cimino, director
Medio físico [NR] [DVD]
246 13 - FORMA VARIANTE DEL TITULO [R]
Título propiamente dicho/forma breve del título [NR] The deer hunter
260 ## - PUBLICACION, DISTRIBUCION, ETC. (PIE DE IMPRENTA) [R]
Lugar de publicación, distribución, etc. [R] Buenos Aires (Argentina)
Nombre del editor, distribuidor, etc. [R] Universal Pictures
Fecha de publicación, distribución, etc. [R] 2006
300 ## - DESCRIPCION FISICA [R]
Extensión [R] 1 DVD, 183 minutos
Otros detalles físicos [NR] imagen, sonido, color
500 ## - NOTA GENERAL [R]
Nota general [NR] SINOPSIS: Narra los pasos de un grupo de amigos que trabajan juntos en una fábrica de fundición de acero, desde la fría Pennsylvania a la letal caldera de Vietnam. El francotirador es un hondo drama sobre la amistad y el coraje y lo que sucede cuando estas cualidades se ponen duramente a prueba. Es una experiencia emocional demoledora que nunca olvidará
508 ## - NOTA DE CREDITOS DE CREACION/PRODUCCION [R]
Nota de créditos de creación/producción [NR] CRÉDITOS: Dirigida por Michael Cimino; guion de Deric Washburn; música de Stanley Myers; fotografía por Vilmos Zsigmond
511 0# - NOTA DE PARTICIPANTE O INTERPRETE [R]
Nota de participante o intérprete [NR] REPARTO: John Cazale, John Savage, Meryl Streep, Christopher Walken
546 ## - NOTA DE IDIOMA [R]
Nota de idioma [NR] Audio en inglés. Subtítulos en español
650 #4 - ASIENTO SECUNDARIO DE MATERIA - TERMINO TEMATICO [R]
9 (RLIN) 8906
Término temático o nombre geográfico como elemento de entrada [NR] Amistad en el cine
Subdivisión de forma [R] DVD
650 #4 - ASIENTO SECUNDARIO DE MATERIA - TERMINO TEMATICO [R]
Término temático o nombre geográfico como elemento de entrada [NR] Drama en el cine
Subdivisión de forma [R] DVD
9 (RLIN) 57124
650 #7 - ASIENTO SECUNDARIO DE MATERIA - TERMINO TEMATICO [R]
9 (RLIN) 51326
Término temático o nombre geográfico como elemento de entrada [NR] Películas cinematográficas
Subdivisión geográfica [R] Estados Unidos
Subdivisión de forma [R] DVD
690 ## - ASUNTO AGREGADO LOCAL DE ENTRADA - TÉRMINO TEMÁTICO (OCLC, RLIN)
9 (RLIN) 42805
Acceso temático local Entretenimiento
690 ## - ASUNTO AGREGADO LOCAL DE ENTRADA - TÉRMINO TEMÁTICO (OCLC, RLIN)
9 (RLIN) 42914
Acceso temático local Sociología
700 1# - ASIENTO SECUNDARIO - NOMBRE PERSONAL [R]
Nombre personal [NR] Cimino, Michael
Término de relación [R] director
9 (RLIN) 56955
710 2# - ASIENTO SECUNDARIO - NOMBRE CORPORATIVO [R]
Nombre corporativo o de jurisdicción como elemento de entrada [NR] Universal Pictures
9 (RLIN) 50661
710 2# - ASIENTO SECUNDARIO - NOMBRE CORPORATIVO [R]
Nombre corporativo o de jurisdicción como elemento de entrada [NR] Emi Films
9 (RLIN) 56956
765 0# - ASIENTO DE IDIOMA ORIGINAL [R]
Título [NR] The deer hunter
856 40 - LOCALIZACION Y ACCESO ELECTRONICOS [R]
Identificador Uniforme del Recurso (“URI”) [R] <a href="https://www.youtube.com/watch?v=PgRUgWubgzw">https://www.youtube.com/watch?v=PgRUgWubgzw</a>
Nota dirigida al público [R] Siga este enlace para ver el trailer
-- Trailer tomado del canal zhukaiww vía YouTube.com
942 ## - ELEMENTOS DE ENTRADA AGREGADOS (KOHA)
Source of classification or shelving scheme LOCAL
Tema principal Entretenimiento
Koha item type Multimedia
Edition 1
Classification part DVD 1296
Existencias
Suprimido Perdido Sistema de clasificación Dañado No prestable Tipo de ítem específico Ubicación habitual Ubicación actual Localización Fecha de creación Proveedor Forma de adquisición Costo Signatura topográfica Código de barras Última vez visto Ejemplar Costo de reposición Price effective from Tipo de ítem Total préstamos Total Renewals Fecha de último préstamo
    LOCAL     DVD Claustro Claustro Colección digital 20/02/2014   Donación 26000.00 DVD 1296 100140982 10/12/2024 Ej.2   20/02/2014 Multimedia 2 3 15/06/2017
    LOCAL   Préstamo restringido DVD Procesos Técnicos (no para préstamo) Procesos Técnicos (no para préstamo) Procesos Técnicos 18/02/2014 12 Donación 26000.00 DVD 1296 100140977 09/12/2025 Ej.1 26000.00 18/02/2014 Multimedia